La mortaja
Gorde:
| Egile Nagusiak: | , |
|---|---|
| Formatua: | Liburua |
| Hizkuntza: | gaztelania |
| Argitaratua: |
Madrid
Cátedra
1987
|
| Edizioa: | 3a. ed |
| Saila: | Letras hispánicas, 199
|
| Gaiak: | |
| Etiketak: |
Etiketa erantsi
Etiketarik gabe, Izan zaitez lehena erregistro honi etiketa jartzen!
|
MARC
| LEADER | 00000nam a2200000 a 4500 | ||
|---|---|---|---|
| 001 | UCQ4738 | ||
| 003 | CL-VaPUC | ||
| 008 | 980910e19870000SP |||||||||||||||||spa|d | ||
| 082 | 0 | 4 | |a 863 |b DEL |2 21 |
| 100 | 0 | |a Delibes, Miguel |e author |9 313774 | |
| 700 | 0 | |a Sobejano, Gonzalo |e author |9 418943 | |
| 245 | 1 | 3 | |a La mortaja |
| 250 | |a 3a. ed | ||
| 300 | |a 201 p | ||
| 942 | |c BK | ||
| 945 | |d 19980910 00:00:00 |a lriquelm | ||
| 260 | |a Madrid |b Cátedra |c 1987 | ||
| 650 | 0 | |a Cuentos españoles |9 267960 | |
| 650 | 0 | |a Crítica e interpretación |9 255042 | |
| 583 | |a last modification |c 19980910 00:00:00 |k Rodrigo Vera | ||
| 490 | 0 | |a Letras hispánicas, 199 | |
| 999 | |c 275040 |d 275038 | ||
| 952 | |0 0 |1 0 |4 0 |6 863_000000000000000_DEL_1987 |7 0 |8 A |9 311561 |a BIBEDU |b BIBEDU |d 2019-11-20 |i 2868237 |o 863 DEL 1987 |p 2868237 |r 2019-11-20 |w 2019-11-20 |y BK |k LIT | ||